Miasta z największa ilością drapaczy chmur 1/2 - Statystyki

Ogólne statystyki
  • Ten quiz został rozwiązany 30 razy
  • Średni wynik to 14 z 25
Statystyki odpowiedzi
Państwo Ilość Miasto % Poprawnych
USA 296 Nowy Jork
100%
Japonia 164 Tokio
96%
Chiny 175 Szanghaj
88%
ZEA 232 Dubaj
84%
Chiny 510 Hongkong
84%
USA 130 Chicago
80%
Korea Płd. 82 Seul
80%
Malezja 101 Kuala Lumpur
76%
Indonezja 107 Dżakarta
72%
Panama 63 Panama
72%
Kanada 75 Toronto
68%
Tajlandia 109 Bangkok
64%
Australia 67 Melbourne
60%
Chiny 109 Wuhan
60%
Chiny 142 Kanton
56%
- 95 Singapur
52%
Indie 74 Mumbaj
48%
Korea Płd. 72 Busan
36%
Chiny 88 Chengdu
36%
Chiny 131 Chongqing
32%
Chiny 63 Tiencin
32%
Chiny 63 Nankin
20%
Chiny 332 Shenzen
20%
Chiny 57 Nanning
4%
Chiny 94 Shenyang
4%
Nie znaleziono quizów pasujących do podanych kryteriów
Rozkład punktacji
Procent ludzi z każdym wynikiem
Percentyl według liczby udzielonych odpowiedzi
Twoja historia wyników
Nie rozwiązałeś tego quizu